000 01110nam a22002777i 4500
999 _c22777
_d22777
003 AR-CdUCM
008 240201b20112011pe ||||| |||| 00| 0 spa d
040 _aMUNICIPALIDAD PROVINCIAL DEL CUSCO
_cBIBLIOTECA MUNICIPAL DEL CUSCO
041 _hspa
082 _a370.72 / C29E
_bC29E
100 _aCari Mamani, Hernán M.
_99733
245 _aEstrategias de Investigación Educativa /
260 _aCusco :
_c2011
300 _a176 páginas. :
_c21 cm.
500 _zBibliografía: página 177
505 _aDiseño de la investigación científica -- Fuentes para la formulación del problema -- Formulación de hipótesis -- Metodología de la investigación -- Población y muestra de la investigación -- Investigación experimental.
650 _aDiseño de proyecto
_949404
650 _aInvestigación científica
_99735
650 _aPlanteamiento del problema
_949405
650 _aJustificación de la investigación
_949406
650 _aHipótesis
_920210
650 _aFuente de datos
_949407
650 _aCategoría conceptual
_949408
942 _2ddc
_cLIBROS
945 _apbj
_d01-02-2024